Text book of practical physics for the pre-degree course / (Record no. 130)
[ view plain ]
| 000 -LEADER | |
|---|---|
| fixed length control field | 00597cam a2200241ua 4500 |
| 041 ## - LANGUAGE CODE | |
| Language code of text/sound track or separate title | eng |
| 082 ## - DEWEY DECIMAL CLASSIFICATION NUMBER | |
| Classification number | 530 |
| Item number | OUS/TE |
| 100 ## - MAIN ENTRY--AUTHOR NAME | |
| Personal name | Ouseph, C.C . |
| 245 ## - TITLE STATEMENT | |
| Title | Text book of practical physics for the pre-degree course / |
| 250 ## - EDITION STATEMENT | |
| Edition statement | 1 / |
| 260 ## - PUBLICATION, DISTRIBUTION, ETC. (IMPRINT) | |
| Place of publication | : |
| Name of publisher | Ananthan Viswanathan , |
| Year of publication | 1964. |
| 300 ## - PHYSICAL DESCRIPTION | |
| Number of Pages | 200 ; . |
| 650 ## - SUBJECT ADDED ENTRY--TOPICAL TERM | |
| Topical Term | Heat |
| 650 ## - SUBJECT ADDED ENTRY--TOPICAL TERM | |
| Topical Term | Mechanics |
| 700 1# - ADDED ENTRY--PERSONAL NAME | |
| Personal name | Devassy, C.P . |
| 700 1# - ADDED ENTRY--PERSONAL NAME | |
| Personal name | Thomas, S.L . |
| 942 ## - ADDED ENTRY ELEMENTS (KOHA) | |
| Koha item type | Books |
| Withdrawn status | Lost status | Damaged status | Home library | Current library | Date acquired | Cost, normal purchase price | Full call number | Accession Number | Koha item type |
|---|---|---|---|---|---|---|---|---|---|
| Withdrawn | KAUAET | KAUAET | 07/04/2012 | 2.50 | 530 | 7284 | Books | ||
| Withdrawn | KAUAET | KAUAET | 07/04/2012 | 530 | 7680 | Books | |||
| Withdrawn | Lost and Paid For | KAUAET | KAUAET | 23/06/2020 | 2.50 | 530 OUS/TE | 7285 | Books | |
| Withdrawn | Lost and Paid For | KAUAET | KAUAET | 23/06/2020 | 2.50 | 530 OUS/TE | 7286 | Books | |
| Withdrawn | Lost and Paid For | KAUAET | KAUAET | 23/06/2020 | 2.50 | 530 OUS/TE | 7287 | Books | |
| Withdrawn | Damaged | KAUAET | KAUAET | 23/06/2020 | 2.50 | 530 OUS/TE | 7288 | Books |
